| 000 | 00583nam a2200181 a 4500 | ||
|---|---|---|---|
| 001 | 000034705 | ||
| 005 | 20200930073842.0 | ||
| 008 | 111019s1973 pr b 000 0 spa d | ||
| 040 |
_aDO-SdBNP _bspa _cBNPHU |
||
| 082 |
_a946.04 _bP438L |
||
| 100 | 1 |
_aPérez, Joseph _d1931- _960160 |
|
| 245 | 1 | 0 |
_aL´espagne du xvi siécle / _cJoseph Pérez. |
| 260 |
_aParis : _bArmand Colin, _c1973. |
||
| 300 |
_a256 p. : _bmap. ; _c17 cm. |
||
| 651 | 4 |
_aEspaña _xHistoria _ySIGLO XVI _960161 |
|
| 651 | 4 |
_aEspaña _xPolítica Y Gobierno _ySIGLO XVI _960162 |
|
| 910 | _aValidado. Control de calidad MFF | ||
| 999 |
_c34196 _d34196 |
||